Hijos de Homero: un viaje personal por el alba de Occidente
Zapisane w:
| 1. autor: | |
|---|---|
| Format: | Książka |
| Język: | hiszpański |
| Wydane: |
Madrid
Alianza
2006
|
| Hasła przedmiotowe: | |
| Etykiety: |
Dodaj etykietę
Nie ma etykietki, Dołącz pierwszą etykiete!
|
MARC
| LEADER | 00000nam a2200000 a 4500 | ||
|---|---|---|---|
| 001 | UCI0964 | ||
| 003 | CL-VaPUC | ||
| 008 | 070608e20060000SP |||||||||||||||||spa|d | ||
| 020 | |a 8420620009 | ||
| 082 | 0 | 4 | |a 938 |b SOU |2 21 |
| 100 | 0 | |a Souvirón Guijo, Bernardo |e author |9 521222 | |
| 245 | 1 | 0 | |a Hijos de Homero: un viaje personal por el alba de Occidente |
| 300 | |a 415 p | ||
| 942 | |c BK | ||
| 945 | |d 20070608 00:00:00 |a jtorresc | ||
| 260 | |a Madrid |b Alianza |c 2006 | ||
| 650 | 0 | |a Civilización griega |9 265578 | |
| 650 | 0 | |a Filosofía griega |9 265579 | |
| 650 | 7 | |a CULTURA GRIEGA |2 CL-VaPUC |9 265580 | |
| 650 | 0 | |a Cristianismo |9 257361 | |
| 650 | 7 | |a HOMERO |2 CL-VaPUC |9 521223 | |
| 651 | 0 | |a Grecia |9 265314 | |
| 583 | |a last modification |c 20140406 05:44:13 |k Rodrigo Vera | ||
| 999 | |c 325914 |d 325912 | ||
| 952 | |0 0 |1 0 |4 0 |6 938_000000000000000_SOU_2006 |7 0 |8 A |9 407405 |a BIBHIS |b BIBHIS |d 2019-11-22 |i 4345924 |l 1 |o 938 SOU 2006 |p 4345924 |r 2025-01-20 |s 2022-11-29 |w 2019-11-22 |y BK |k HIS | ||